LIBRARY & INFORMATION CENTRE, KCAET, TAVANUR

ONLINE PUBLIC ACCESS CATALOGUE (OPAC)

Power tiller research and industry in India / (Record no. 6749)

MARC details
000 -LEADER
fixed length control field 00494cam a2200181ua 4500
041 ## - LANGUAGE CODE
Language code of text/sound track or separate title eng
082 ## - DEWEY DECIMAL CLASSIFICATION NUMBER
Classification number 028.74631
Item number VAR/PO
100 ## - MAIN ENTRY--AUTHOR NAME
Personal name Varshney, A C .
245 ## - TITLE STATEMENT
Title Power tiller research and industry in India /
250 ## - EDITION STATEMENT
Edition statement 1 /
260 ## - PUBLICATION, DISTRIBUTION, ETC. (IMPRINT)
Place of publication Bhopal :
Name of publisher Central Institute of Agricultural Engineering ,
Year of publication 1995.
300 ## - PHYSICAL DESCRIPTION
Number of Pages 161 ; .
700 1# - ADDED ENTRY--PERSONAL NAME
Personal name Alam, A .
700 1# - ADDED ENTRY--PERSONAL NAME
Personal name Narang, Suresh .
942 ## - ADDED ENTRY ELEMENTS (KOHA)
Koha item type Books
Holdings
Withdrawn status Lost status Damaged status Home library Current library Date acquired Full call number Accession Number Koha item type
      KAUAET   07/04/2012 028.74631 19838 Books
free website counter